La gestion de projets télécoms (Record no. 54593)

MARC details
000 -LEADER
fixed length control field 00621nam a22002057a 4500
007 - PHYSICAL DESCRIPTION FIXED FIELD--GENERAL INFORMATION
fixed length control field 00
008 - FIXED-LENGTH DATA ELEMENTS--GENERAL INFORMATION
fixed length control field 160616b xxu||||| |||| 00| 0 eng d
020 ## - INTERNATIONAL STANDARD BOOK NUMBER
International Standard Book Number 2-7462-1137-8
040 ## - CATALOGING SOURCE
Original cataloging agency BUAC
Transcribing agency BUC
041 ## - LANGUAGE CODE
Language code of text/sound track or separate title Fre.
100 ## - MAIN ENTRY--PERSONAL NAME
Personal name Calé,Stéphane
245 ## - TITLE STATEMENT
Title La gestion de projets télécoms
Statement of responsibility, etc / par Stéphane Calé
260 ## - PUBLICATION, DISTRIBUTION, ETC. (IMPRINT)
Place of publication, distribution, etc Paris :
Name of publisher, distributor, etc Lavoisier,
Date of publication, distribution, etc 2005
300 ## - PHYSICAL DESCRIPTION
Extent 231 p.
Dimensions 23 cm .
440 ## - SERIES STATEMENT/ADDED ENTRY--TITLE
Title (Collection management et informatique)
Name of part/section of a work dirigée par Nicolas Manson
521 ## - TARGET AUDIENCE NOTE
Target audience note Compr. Annexe 1 - 4 pp. (194 - 231)
630 ## - SUBJECT ADDED ENTRY--UNIFORM TITLE
Uniform title SCIENCES APPLIQUEES
650 ## - SUBJECT ADDED ENTRY--TOPICAL TERM
Source of heading or term Télécommunication : gestion
942 ## - ADDED ENTRY ELEMENTS (KOHA)
Item type Livre exclu du prêt
Holdings
Withdrawn status Lost status Damaged status Not for loan Location (home branch) Sublocation or collection (holding branch) Date acquired Source of acquisition Coded location qualifier Koha issues (times borrowed) Koha full call number Piece designation (barcode) Koha date last seen Copy number Price effective from Koha item type Shelving location
        Bibliothèque Universitaire Centrale Bibliothèque Universitaire Centrale 11/06/2015 Don ARES 16/74   654;65.02 CAL 16-474BUC 16/06/2016 1 16/06/2016 Libre Accès  
        Bibliothèque Universitaire Centrale Bibliothèque Universitaire Centrale 17/07/2017 Don ARES 17/291   654:65.02 CAL 17-291Buc 17/07/2017 2 17/07/2017 Libre Accès  


© 2008, Bibliothèques de l'Université d'Abomey-Calavi

04 BP 789 Cotonou, Tél. : +229 21 36 01 01, Fax : +229 21 35 06 32

Courriel : bu@bu.uac.bj